Opatrenia Ministerstva financií Slovenskej republiky č. 624/2002 Z.z. z 5. novembra 2002 ...

Opatrenia Ministerstva financií Slovenskej republiky č. 624/2002 Z.z. z 5. novembra 2002, ktorým sa ustanovujú na rok 2003 základné sadzby stravného v inej ako slovenskej mene pri zahraničných pracovných cestách.

Salvato in:
Dettagli Bibliografici
Natura: Capitolo di libro
Lingua:slovacco
Soggetti:
Tags: Aggiungi Tag
Nessun Tag, puoi essere il primo ad aggiungerne!!

MARC

LEADER 00000naa a2200000 4500
001 r047452
005 20230927070902.0
041 0 |a slo 
044 |a SK 
245 1 0 |a Opatrenia Ministerstva financií Slovenskej republiky č. 624/2002 Z.z. z 5. novembra 2002 ... 
520 |a Opatrenia Ministerstva financií Slovenskej republiky č. 624/2002 Z.z. z 5. novembra 2002, ktorým sa ustanovujú na rok 2003 základné sadzby stravného v inej ako slovenskej mene pri zahraničných pracovných cestách. 
610 2 0 |a cesty pracovné 
610 2 0 |a financovanie